000 00842caa a22002417a 4500
999 _c413518
_d413518
001 126250
003 UA-OsUOA
005 20200116143034.0
007 ta
008 20171012b un ||||| |||| 00| 0 ukr d
040 _aUA-OsUOA
_bukr
_cUA-OsUOA
_dUA-OsUOA
041 _aukr
080 _a908
090 _a908
_bК89
100 _aКузьмич М.
245 _aЦукрова промисловість Волинської області (1950-ті – перша половина 1960-х рр.)
_cМ. Кузьмич
300 _aС. 190–199
650 7 _a908 Краєзнавство
_2UDC
773 0 _0352294
_9378920
_dОстрог 2009
_o125672
_tНаукові записки
_w(UA-OsUOA) 66563
_z966-7631-62-1
942 _cBKA
_2udc
955 _a1